| 000 | 00514nam a2200145 4500 | ||
|---|---|---|---|
| 082 | _aMS-CCS-4 HIR | ||
| 100 |
_aHira Anwar _9106775 |
||
| 245 | _aSecure access control system for digital repositories-DSpace as a case study | ||
| 260 |
_aIslamabad _bNust School of Electrical Engineering and Computer Science |
||
| 300 |
_a116p _eCD-ROM |
||
| 500 | _aSupervisor:Dr.Muhammad Awais Shibli | ||
| 700 |
_aHirra Anwar _9106776 |
||
| 856 | _uhttp://10.250.8.41:8080/xmlui/handle/123456789/32128 | ||
| 942 |
_cPR _2ddc |
||
| 999 |
_c12276 _d12276 |
||